| 000 | 01097cab a2200277 4500 | ||
|---|---|---|---|
| 001 | ABS44196 | ||
| 008 | 090401t1991 xxu||||| |||| 00| 0 eng d | ||
| 035 | _a(Sirsi) u45757 | ||
| 041 | _aeng | ||
| 100 | _aMugurian, G.H. | ||
| 245 | _aSixth edition of the ICE Form of Contract | ||
| 260 | _c1991 | ||
| 350 | _a0 | ||
| 490 |
_aCivil Engineering Surveyor _v16 (2) March 1991, 8-10 (3) |
||
| 520 | _aHighlights major differences between 5th and 6th editions of ICE Conditions of contract, clause by clause. These include definitions and interpretation, the role of the engineer, subcontracting security documentation and extension of time . | ||
| 650 | _aMANAGEMENT-DISPUTE AVOIDANCE, MANAGEMENT AND RESOLUTION-DISPUTE MANAGEMENT AND RESOLUTION-ARBITRATION | ||
| 650 | _aCERTIFICATE OF SUBSTANTIAL COMPLETION | ||
| 650 | _aCOMPARISION | ||
| 650 | _aCONTRACTUAL OBLIGATIONS | ||
| 650 | _aICE CONDITIONS OF CONTRACT (SIXTH EDITION) | ||
| 650 | _aNOTICE OF DISPUTE | ||
| 650 | _aPAYMENT | ||
| 690 | _aBUILT ENVIRONMENT-BUILDING CONTRACT FORMS | ||
| 942 | _n0 | ||
| 948 | _c04/03/1997 | ||
| 999 |
_c28954 _d28954 |
||